000 00305nam a2200133 4500
003 SGT
082 _a617.643
_bM19D
100 _aDAS, PRADEEP KUMAR
245 _aMAXILLARY OSTEOTOMY
260 _aDELHI NCR
_bSGT UNIVERSITY GURUGRAM
_c2019
300 _a1-111
650 _aORAL SURGERY
942 _2ddc
_cTH
999 _c18458
_d18458